Central Library and Information Centre
Sibsagar Girls' College, Sivasagar : Assam

BON JUI (Record no. 32197)

MARC details
000 -LEADER
fixed length control field 00316nam a22001337a 4500
005 - DATE AND TIME OF LATEST TRANSACTION
control field 20251120083433.0
008 - FIXED-LENGTH DATA ELEMENTS--GENERAL INFORMATION
fixed length control field 251120b |||||||| |||| 00| 0 eng d
040 ## - CATALOGING SOURCE
Original cataloging agency
Transcribing agency
100 ## - MAIN ENTRY--PERSONAL NAME
Personal name MALIK SAYED ABDUL
9 (RLIN) 1110
245 ## - TITLE STATEMENT
Title BON JUI
250 ## - EDITION STATEMENT
Edition statement 1ST
260 ## - PUBLICATION, DISTRIBUTION, ETC.
Place of publication, distribution, etc. DIBRUGARH
Name of publisher, distributor, etc. BANI MANDIR
Date of publication, distribution, etc. 1958
942 ## - ADDED ENTRY ELEMENTS (KOHA)
Source of classification or shelving scheme Dewey Decimal Classification
Koha item type Books
Holdings
Withdrawn status Lost status Source of classification or shelving scheme Damaged status Not for loan Collection code Home library Current library Shelving location Date acquired Total Checkouts Barcode Date last seen Price effective from Koha item type Public note
    Dewey Decimal Classification     TBASM Central Library and Information Centre Sibsagar Girls College Central Library and Information Centre Sibsagar Girls College BBLMC 18.02.2022   46411 20.11.2025 20.11.2025 Books V


Sibsagar Girl's College © 2020. All rights reserved.
Powered by Koha.
Maintained by Abhijit Borpuzari.